00653nam a2200253Ia 4500008004100000020001800041050001400059100002200073245002200095245002500117250001900142260001900161260001700180260000900197300001600206300002000222300001000242650002400252650004000276650001800316650002900334650002500363700001100388181129s9999 xx 000 0 und d a9780062490179 bF193 2016 aFalkoff, Michelle 0aPushing perfect / 0cby Michelle Falkoff. aFirst edition. aNew York, NY : bHarper Teen, c2016 a336 pages : billustrations ; c20cm. aChildren's secrets. aChoice (Psychology) in adolescence. aHigh schools. aInterpersonal relations. aYoung adult fiction. aTitle.